[Event "Malakhatko Memorial op"]
[Site "Chess.com INT"]
[Date "2023.06.14"]
[Round "5"]
[White "Zinkevich, Julia"]
[Black "Domin, Yan"]
[Result "1/2-1/2"]
[WhiteElo "2122"]
[BlackElo "1907"]
[PlyCount "102"]
[EventDate "2023.06.14"]
[EventType "swiss (blitz)"]
[EventRounds "11"]
[EventCountry "USA"]
[SourceTitle "CBM 214 Extra"]
[Source "ChessBase"]
[SourceDate "2023.07.31"]
[SourceVersion "1"]
[SourceVersionDate "2023.07.31"]
[SourceQuality "1"]

1. d4 Nf6 2. c4 g6 3. Nc3 d5 4. cxd5 Nxd5 5. e4 Nxc3 6. bxc3 Bg7 7. Nf3 c5 8. Be3 cxd4 9. cxd4 0-0 10. Qd2 Bg4 11. Rc1 Nc6 12. d5 Bxf3 13. gxf3 Ne5 14. Be2 Rc8 15. 0-0 Qd7 16. f4 Ng4 17. Bxa7 Nf6 18. Bf3 Qa4 19. Qd4 Qxa2 20. e5 Rxc1 21. Rxc1 Qa3 22. Qe3 Qxe3 23. fxe3 Ne8 24. Rb1 f6 25. Bd4 fxe5 26. Bc5 exf4 27. Bxe7 Rf7 28. Rxb7 Bf6 29. d6 Bxe7 30. Bd5 Kf8 31. dxe7+ Rxe7 32. Rxe7 Kxe7 33. exf4 Kf6 34. Kg2 Nd6 35. Kf3 h5 36. h3 Kf5 37. Bb3 Nb5 38. Bc2+ Kf6 39. Ke4 Nc3+ 40. Kd3 Nd5 41. Ke4 Nc7 42. Bb3 Nb5 43. Bc2 Nd6+ 44. Kd5 Nf5 45. Ke4 Ne7 46. Bb3 Nc8 47. Bc2 Nd6+ 48. Kd5 Ne8 49. Ke4 Ng7 50. Bb3 Nf5 51. Bc2 Nd6+ 1/2-1/2

[Event "UKR-ch (Women) 80th"]
[Site "Kherson"]
[Date "2020.12.06"]
[Round "1"]
[White "Mashchenko, Tamila"]
[Black "Zinkevich, Julia"]
[Result "1/2-1/2"]
[WhiteElo "1768"]
[BlackElo "2178"]
[PlyCount "82"]
[EventDate "2020.12.06"]
[EventType "swiss"]
[EventRounds "9"]
[EventCountry "UKR"]
[SourceTitle "CBM 199 Extra"]
[Source "ChessBase"]
[SourceDate "2021.01.31"]
[SourceVersion "1"]
[SourceVersionDate "2021.01.31"]
[SourceQuality "1"]

1. c4 c5 2. Nc3 Nc6 3. g3 g6 4. Bg2 Bg7 5. a3 a5 6. d3 d6 7. e3 e5 8. Nge2 Nge7 9. 0-0 0-0 10. Rb1 Rb8 11. Bd2 Be6 12. Nd5 b5 13. cxb5 Rxb5 14. Nxe7+ Nxe7 15. b4 axb4 16. axb4 cxb4 17. Rxb4 Rxb4 18. Bxb4 Qb6 19. Bc3 Rc8 20. Qb1 Qa7 21. Qb7 Qxb7 22. Bxb7 Rc7 23. Bg2 Bg4 24. f3 Be6 25. Rc1 Nd5 26. Bd2 Ra7 27. Rc2 h5 28. Kf2 Ra3 29. Nc1 Ra1 30. f4 Ne7 31. Bc3 Rb1 32. Ne2 Rd1 33. Rd2 Rb1 34. fxe5 dxe5 35. Rb2 Rxb2 36. Bxb2 Nd5 37. d4 Nb4 38. Nc1 exd4 39. Bxd4 Bxd4 40. exd4 Nc2 41. Ne2 Kf8 1/2-1/2

[Event "UKR-ch blitz (Women)"]
[Site "Kherson"]
[Date "2020.12.05"]
[Round "4"]
[White "Martynkova, Olena"]
[Black "Zinkevich, Julia"]
[Result "1-0"]
[WhiteElo "2262"]
[BlackElo "2178"]
[PlyCount "45"]
[EventDate "2020.12.05"]
[EventType "swiss (blitz)"]
[EventRounds "9"]
[EventCountry "UKR"]
[SourceTitle "CBM 199 Extra"]
[Source "ChessBase"]
[SourceDate "2021.01.31"]
[SourceVersion "1"]
[SourceVersionDate "2021.01.31"]
[SourceQuality "1"]

1. d4 Nf6 2. c4 e6 3. g3 b6 4. Bg2 d5 5. cxd5 exd5 6. Nc3 Be7 7. Nf3 0-0 8. 0-0 Ba6 9. Ne5 c6 10. Bf4 Bd6 11. Qa4 Bb7 12. e4 Bxe5 13. dxe5 Nxe4 14. Nxe4 dxe4 15. Bxe4 Qc8 16. Qc2 h6 17. Rad1 c5 18. Rd6 f5 19. exf6 Rxf6 20. Rxf6 gxf6 21. Bxh6 Nd7 22. Bxb7 Qxb7 23. Qg6+ 1-0

[Event "UKR-ch blitz (Women)"]
[Site "Kherson"]
[Date "2020.12.05"]
[Round "2"]
[White "Shpanko, Nadiia"]
[Black "Zinkevich, Julia"]
[Result "1-0"]
[WhiteElo "2235"]
[BlackElo "2178"]
[PlyCount "57"]
[EventDate "2020.12.05"]
[EventType "swiss (blitz)"]
[EventRounds "9"]
[EventCountry "UKR"]
[SourceTitle "CBM 199 Extra"]
[Source "ChessBase"]
[SourceDate "2021.01.31"]
[SourceVersion "1"]
[SourceVersionDate "2021.01.31"]
[SourceQuality "1"]

1. d4 Nf6 2. c4 e6 3. Nc3 Bb4 4. Qc2 b6 5. e4 Bxc3+ 6. bxc3 d6 7. Bg5 h6 8. Bh4 e5 9. Nf3 Qe7 10. c5 exd4 11. cxd6 Qxe4+ 12. Qxe4+ Nxe4 13. dxc7 Na6 14. Bb5+ Kf8 15. Bc6 Nxc7 16. Bxe4 Rb8 17. cxd4 Bg4 18. 0-0 Ne6 19. Ne5 g5 20. Bg3 Rd8 21. Nxg4 Rxd4 22. f3 Kg7 23. Be5+ f6 24. Bxf6+ Kf7 25. Bxd4 Nxd4 26. Rfd1 Ne2+ 27. Kf2 Nf4 28. Rd7+ Ke6 29. Rad1 1-0

[Event "UKR-ch blitz (Women)"]
[Site "Kherson"]
[Date "2020.12.05"]
[Round "1"]
[White "Zinkevich, Julia"]
[Black "Mashchenko, Tamila"]
[Result "1-0"]
[WhiteElo "2178"]
[BlackElo "1768"]
[PlyCount "67"]
[EventDate "2020.12.05"]
[EventType "swiss (blitz)"]
[EventRounds "9"]
[EventCountry "UKR"]
[SourceTitle "CBM 199 Extra"]
[Source "ChessBase"]
[SourceDate "2021.01.31"]
[SourceVersion "1"]
[SourceVersionDate "2021.01.31"]
[SourceQuality "1"]

1. d4 Nf6 2. Nf3 g6 3. c4 Bg7 4. Nc3 0-0 5. Bf4 d6 6. e3 Nbd7 7. h3 b6 8. Be2 Bb7 9. 0-0 Ne4 10. Nxe4 Bxe4 11. Qd2 Re8 12. Rac1 e5 13. Bh2 Qe7 14. Rfd1 h6 15. b4 f5 16. c5 dxc5 17. dxc5 Rad8 18. Qc3 Bxf3 19. Bxf3 e4 20. Qc4+ Kh8 21. Be2 Ne5 22. Qb3 Rd7 23. Bb5 Rxd1+ 24. Rxd1 Rd8 25. Bg3 bxc5 26. bxc5 Rxd1+ 27. Qxd1 Qxc5 28. Qd8+ Kh7 29. Ba4 Qd6 30. Qb8 Qb6 31. Qd8 Qd6 32. Qa8 Qb6 33. Bb3 h5 34. Bf4 1-0

[Event "UKR-ch blitz (Women)"]
[Site "Kherson"]
[Date "2020.12.05"]
[Round "7"]
[White "Zinkevich, Julia"]
[Black "Petrova, Irina"]
[Result "0-1"]
[WhiteElo "2178"]
[BlackElo "2077"]
[PlyCount "106"]
[EventDate "2020.12.05"]
[EventType "swiss (blitz)"]
[EventRounds "9"]
[EventCountry "UKR"]
[SourceTitle "CBM 199 Extra"]
[Source "ChessBase"]
[SourceDate "2021.01.31"]
[SourceVersion "1"]
[SourceVersionDate "2021.01.31"]
[SourceQuality "1"]

1. d4 d6 2. Nf3 g6 3. c4 Bg7 4. Nc3 Nc6 5. Bf4 Bg4 6. d5 Nb8 7. e3 e5 8. dxe6 fxe6 9. Be2 Nc6 10. h3 Bxf3 11. Bxf3 Nge7 12. 0-0 0-0 13. Bg4 Nf5 14. Qd2 Qe8 15. Rad1 Qf7 16. Bh2 Rae8 17. Ne4 h6 18. b4 Kh7 19. a3 Ne5 20. Be2 Nh4 21. f4 Nd7 22. g3 Nf5 23. Bf3 Nb6 24. Be2 d5 25. Nc5 Nxc4 26. Bxc4 dxc4 27. Nxb7 c3 28. Qe2 c6 29. Nc5 Rd8 30. g4 Rxd1 31. Rxd1 Ne7 32. Rd7 Qf6 33. Qc4 Nd5 34. Rd6 Nxe3 35. Qe4 c2 36. Nd3 Qa1+ 37. Kf2 Nd1+ 38. Kg3 c1Q 39. Nxc1 Qxc1 40. Qxe6 Qxa3+ 41. Kg2 Ne3+ 42. Kf2 Rf6 43. Qxe3 Qxb4 44. Rxf6 Bxf6 45. Qxa7+ Bg7 46. Ke2 Qe4+ 47. Kd2 Qd5+ 48. Kc1 Qh1+ 49. Kc2 Qxh2+ 50. Kd3 Qxf4 51. Qb7 Qf3+ 52. Kc4 Qd5+ 53. Kb4 c5+ 0-1

[Event "UKR-ch rapid (Women)"]
[Site "Kherson"]
[Date "2020.12.04"]
[Round "9"]
[White "Doluhanova, Evgeniya"]
[Black "Zinkevich, Julia"]
[Result "1-0"]
[WhiteElo "2216"]
[BlackElo "2178"]
[PlyCount "71"]
[EventDate "2020.12.03"]
[EventType "swiss (rapid)"]
[EventRounds "9"]
[EventCountry "UKR"]
[SourceTitle "EXT 2022"]
[Source "ChessBase"]
[SourceDate "2021.10.06"]
[SourceVersion "1"]
[SourceVersionDate "2021.10.06"]
[SourceQuality "1"]

1. Nf3 d5 2. b3 Nf6 3. Bb2 c6 4. d3 Bg4 5. Nbd2 e6 6. h3 Bh5 7. e4 h6 8. g4 Bg6 9. Qe2 Be7 10. Ne5 Bh7 11. h4 g5 12. hxg5 hxg5 13. Nef3 Kd7 14. Nxg5 Qg8 15. Nxh7 Rxh7 16. Rxh7 Qxh7 17. 0-0-0 a5 18. Bg2 a4 19. g5 Ne8 20. Rh1 Qg6 21. f4 Bd6 22. Rh6 Qg8 23. Qg4 axb3 24. Rh8 f5 25. exf5 Qf7 26. fxe6+ Qxe6 27. Rh7+ Be7 28. Qxe6+ Kxe6 29. Bh3+ Kd6 30. Be5+ Kc5 31. Nxb3+ Kb6 32. Rxe7 Na6 33. a3 c5 34. g6 c4 35. Re6+ Kb5 36. Rxe8 1-0

[Event "UKR-ch rapid (Women)"]
[Site "Kherson"]
[Date "2020.12.04"]
[Round "6"]
[White "Petrova, Irina"]
[Black "Zinkevich, Julia"]
[Result "0-1"]
[WhiteElo "2077"]
[BlackElo "2178"]
[PlyCount "78"]
[EventDate "2020.12.03"]
[EventType "swiss (rapid)"]
[EventRounds "9"]
[EventCountry "UKR"]
[SourceTitle "EXT 2022"]
[Source "ChessBase"]
[SourceDate "2021.10.06"]
[SourceVersion "1"]
[SourceVersionDate "2021.10.06"]
[SourceQuality "1"]

1. e4 e6 2. d4 d5 3. Nc3 dxe4 4. Nxe4 Qd5 5. Nc3 Bb4 6. Nf3 Nf6 7. Bd3 b6 8. 0-0 Bxc3 9. bxc3 Ba6 10. Ba3 Qa5 11. Bb4 Qa4 12. Re1 Bxd3 13. cxd3 Qxd1 14. Raxd1 Nd5 15. Rc1 Nd7 16. Ba3 Nf4 17. Rcd1 c5 18. g3 Nd5 19. c4 Nc3 20. Rd2 0-0 21. Rc2 Na4 22. Ne5 Nxe5 23. dxe5 Rfd8 24. Re3 Rd7 25. Kf1 Rad8 26. Ke2 a6 27. Kd2 Rc8 28. Ke2 h6 29. f4 b5 30. h3 b4 31. Bb2 a5 32. Ba1 Nb6 33. Kd2 a4 34. Kc1 Rcd8 35. Kd2 Rb7 36. Bb2 b3 37. axb3 axb3 38. Rc1 Ra7 39. Ra1 Nxc4+ 0-1

[Event "UKR-ch rapid (Women)"]
[Site "Kherson"]
[Date "2020.12.04"]
[Round "8"]
[White "Zinkevich, Julia"]
[Black "Rakhmangulova, Anastasiya"]
[Result "1-0"]
[WhiteElo "2178"]
[BlackElo "2132"]
[PlyCount "125"]
[EventDate "2020.12.03"]
[EventType "swiss (rapid)"]
[EventRounds "9"]
[EventCountry "UKR"]
[SourceTitle "EXT 2022"]
[Source "ChessBase"]
[SourceDate "2021.10.06"]
[SourceVersion "1"]
[SourceVersionDate "2021.10.06"]
[SourceQuality "1"]

1. d4 Nf6 2. Nf3 g6 3. c4 Bg7 4. Nc3 0-0 5. Bf4 d6 6. e3 c6 7. h3 a5 8. Be2 Na6 9. 0-0 Bf5 10. Re1 Ne4 11. Nxe4 Bxe4 12. Nd2 Bf5 13. e4 Bc8 14. Nf3 c5 15. Be3 Qb6 16. Qd2 cxd4 17. Bxd4 Bxd4 18. Nxd4 Nc5 19. Bf3 Ne6 20. Nb5 Bd7 21. Nc3 Qd4 22. Rad1 Qxc4 23. e5 Bc6 24. Nd5 Bxd5 25. Bxd5 Qb4 26. Bxe6 fxe6 27. exd6 Qxd2 28. Rxd2 exd6 29. Rxe6 a4 30. Rdxd6 a3 31. Re2 Rf7 32. b3 Rc8 33. f3 Rc1+ 34. Kh2 Rfc7 35. Re8+ Kf7 36. Ra8 R1c2 37. Rxa3 Rb2 38. Rd4 Rcc2 39. Rg4 h5 40. Rg5 Kf6 41. h4 Rxa2 42. Rxa2 Rxa2 43. Rb5 Ra7 44. Kg3 Kg7 45. Rb6 Kh6 46. Kf4 Ra2 47. g3 Ra7 48. b4 Kg7 49. Kg5 Kh7 50. Rxg6 b5 51. Kxh5 Rf7 52. f4 Rd7 53. Rg5 Rd3 54. Kg4 Kh6 55. Rxb5 Rd6 56. Rb8 Rd4 57. b5 Rb4 58. b6 Kg7 59. Kg5 Rb5+ 60. f5 Kh7 61. g4 Rc5 62. Rb7+ Kh8 63. Rc7 1-0

[Event "UKR-ch rapid (Women)"]
[Site "Kherson"]
[Date "2020.12.03"]
[Round "5"]
[White "Zinkevich, Julia"]
[Black "Babiy, Olga"]
[Result "0-1"]
[WhiteElo "2178"]
[BlackElo "2287"]
[PlyCount "75"]
[EventDate "2020.12.03"]
[EventType "swiss (rapid)"]
[EventRounds "9"]
[EventCountry "UKR"]
[SourceTitle "EXT 2022"]
[Source "ChessBase"]
[SourceDate "2021.10.06"]
[SourceVersion "1"]
[SourceVersionDate "2021.10.06"]
[SourceQuality "1"]

1. d4 d5 2. c4 dxc4 3. e4 b5 4. a4 c6 5. b3 e5 6. bxc4 Bb4+ 7. Bd2 Qxd4 8. Ra2 Bc5 9. Qe2 Nf6 10. f3 b4 11. a5 Be6 12. Nh3 b3 13. Ra4 Qb2 14. Qd3 Ke7 15. Bc3 Qc2 16. Nd2 Rd8 17. Qxc2 bxc2 18. Ra1 Na6 19. Rc1 Nb4 20. Nb3 Na2 21. Rxc2 Nxc3 22. Nxc5 Rd1+ 23. Kf2 Nb1 24. Nd3 Na3 25. Rb2 Nxc4 26. Rb7+ Nd7 27. Ke2 Ra1 28. a6 Ra2+ 29. Ke1 Rxa6 30. Be2 Ra1+ 31. Bd1 Kd6 32. Nhf2 Ncb6 33. f4 f6 34. Kd2 c5 35. fxe5+ fxe5 36. Rf1 Ra2+ 37. Ke3 Rf8 38. Nc1 0-1